UBT Library

Nursing Health Assessment (Record no. 52275)

000 -LEADER
fixed length control field 00300nam a22001337a 4500
008 - FIXED-LENGTH DATA ELEMENTS--GENERAL INFORMATION
fixed length control field 181121b xxu||||| |||| 00| 0 eng d
020 ## - INTERNATIONAL STANDARD BOOK NUMBER
International Standard Book Number 9780781780629
041 ## - LANGUAGE CODE
Language code of text/sound track or separate title eng
080 ## - UNIVERSAL DECIMAL CLASSIFICATION NUMBER
Universal Decimal Classification number 610.073
100 ## - Rafti
Rafti 3
101 ## - Shkurtesa
Shkurtesa INF
245 ## - TITLE STATEMENT
Title Nursing Health Assessment
Statement of responsibility, etc Jensen.SH
942 ## - ADDED ENTRY ELEMENTS (KOHA)
Source of classification or shelving scheme
Item type Books
Holdings
Withdrawn status Lost status Source of classification or shelving scheme Damaged status Not for loan Collection code Permanent location Current location Shelving location Date acquired Total Checkouts Full call number Barcode Date last seen Price effective from Koha item type
          Koleksioni i përgjithshem UBT - Lipjan UBT - Lipjan Koleksioni i përgjithshem 11/21/2018   610.073 JEN 002-3018223 11/21/2018 11/21/2018 Books
UBT Library © 2015-2024. All rights reserved University Education for Business and Technology